000 00944cam a2200193 4500
001 WB3914-08
008 030408n2003 000 0 eng u
035 _a(Sirsi) u121926
245 _aLack of viable land
260 _c2003
490 _aRegeneration and Renewal
_v4 April 2003, 11(1)
520 _aAccording to research by FPDSavills, land with planning permission held by developers dropped by nearly a third between 1999 and 2000. The "UK land and development research bulletin" predicts there is just 2.5 years of land supply, even with the current low rate of housebuilding. Research bulletin includes land values and is available at www.fpdsavills.co.uk/research.asp?content=%5Cuber%5Fresearch%5C3111%2Ehtm&subcategory=none&contenttype=research&category=.
590 _aWB
650 _aLAND SUPPLY
650 _aHOUSE BUILDING
650 _aRESIDENTIAL BUILDING LAND
690 _aPROPERTY-PROPERTY DEVELOPMENT
942 _n0
999 _c72461
_d72461